000 00465nam a2200193Ia 4500
003 GCL
008 140319s9999 xx 000 0 eng d
040 _aGCL /
_cGCL
082 0 4 _a792.62
_bC S
100 1 _aWALL, DAVID
245 1 0 _aSTAGING DANCE /
_cWALL, DAVID
700 1 _aCOOPER, ANDRE R
260 _a[S.N] :
_bA AND C BLACK LIMITED ،
_c1998
300 _a136 P
650 0 4 _aDANCING
650 0 4 _aARTS
650 0 4 _aMUSIC - PLAYS
942 _2ddc
_cBK
999 _c16441
_d16441